Pensamiento computacional para la resolución de problemas complejos : (Record no. 215020)

MARC details
000 -CABECERA
campo de control de longitud fija 02434nab a2200289 ab4500
005 - FECHA Y HORA DE LA ÚLTIMA TRANSACCIÓN
campo de control 20260428122852.0
008 - ELEMENTOS DE LONGITUD FIJA--INFORMACIÓN GENERAL
campo de control de longitud fija 251016c2025 sp tr p#o# #00| eng d
003 - IDENTIFICADOR DEL NÚMERO DE CONTROL
campo de control
040 ## - FUENTE DE LA CATALOGACIÓN
Centro catalogador/agencia de origen MX-MxUPN
Lengua de catalogación spa
Centro/agencia transcriptor MX-MxUPN
Normas de descripción aacr2
100 1# - ASIENTO PRINCIPAL--NOMBRE PERSONAL
Nombre de persona George Reyes, Carlos Enrique
9 (RLIN) 58373
100 1# - ASIENTO PRINCIPAL--NOMBRE PERSONAL
Nombre de persona Oliva Córdova, Luis Magdiel
9 (RLIN) 58374
100 1# - ASIENTO PRINCIPAL--NOMBRE PERSONAL
Nombre de persona Avello-Martínez, Raidell
9 (RLIN) 53251
100 1# - ASIENTO PRINCIPAL--NOMBRE PERSONAL
Nombre de persona López Caudana, Edgar Omar
9 (RLIN) 59415
245 10 - MENCIÓN DE TÍTULO
Título Pensamiento computacional para la resolución de problemas complejos :
Resto del título ODS 7 Energía asequible y no contaminante
Medio [recurso electrónico en línea]
506 0# - NOTA DE RESTRICCIONES AL ACCESO
Limitaciones de acceso Acceso abierto
520 3# - NOTA DE RESUMEN, ETC.
Sumario, etc. En este estudio se investiga la autovaloración de las habilidades de pensamiento computacional, así como los conocimientos adquiridos por estudiantes universitarios de México y Guatemala después de haber participado en una experiencia formativa relacionada con el ODS 7 Energía asequible y no contaminante en el entorno de una plataforma web de aprendizaje. Se diseñó un estudio pretest-postest donde participaron 243 estudiantes universitarios, 152 del Tecnológico de Monterrey, México (Tec) y 91 de la Universidad San Carlos, Guatemala (USAC). Se realizaron dos tipos de análisis, el primero para medir sus habilidades de abstracción, descomposición, identificación de patrones y diseño de algoritmos. El segundo para evaluar su comprensión de conceptos energéticos para proponer soluciones sostenibles desde el enfoque del pensamiento computacional. Los resultados sugieren que la integración del pensamiento computacional y el uso de plataformas educativas en línea tiene un impacto positivo en la autovaloración de los estudiantes, también se observó una mejora en sus habilidades analíticas para proponer soluciones para problemas relacionados con el ODS 7. Estos hallazgos respaldan la efectividad de la integración del pensamiento computacional como una estrategia para resolver problemas complejos.
Fuente proveedora RED
650 #2 - ASIENTO SECUNDARIO DE MATERIA - TERMINO TEMATICO
Término de materia o nombre geográfico como elemento de entrada Energía
653 ## - TERMINO DE INDIZACION - NO CONTROLADO
Término no controlado Objetivo de desarrollo sostenible
653 ## - TERMINO DE INDIZACION - NO CONTROLADO
Término no controlado Pensamiento computacional
653 #2 - TERMINO DE INDIZACION - NO CONTROLADO
Término no controlado Pensamiento complejo
653 #4 - TERMINO DE INDIZACION - NO CONTROLADO
Término no controlado Plataforma educativa
773 ## - ENLACE AL DOCUMENTO FUENTE/ENTRADA DE REGISTRO ANFITRIÓN
Parte(s) relacionada(s) Vol. 25, no. 82 (2025), p. 1-24
Título RED : Revista de educación a distancia
Número Internacional Normalizado para Publicaciones Seriadas 1578-7680
856 4# - LOCALIZACIÓN Y ACCESO ELECTRÓNICOS
Identificador Uniforme del Recurso <a href="https://revistas.um.es/red/article/view/638541">https://revistas.um.es/red/article/view/638541</a>
856 4# - LOCALIZACIÓN Y ACCESO ELECTRÓNICOS
Identificador Uniforme del Recurso <a href="https://revistas.um.es/red/article/view/638541/381921">https://revistas.um.es/red/article/view/638541/381921</a>
902 ## - ELEMENTOS DE DATOS B LOCAL, LDB (RLIN)
Creó Leonor Sotres/280426
942 ## - ELEMENTOS DE PUNTO DE ACCESO ADICIONAL (KOHA)
Tipo de ítem Koha Artículo Electrónico
Holdings
Estado de retiro Estado de pérdida Estado dañado No para préstamo Código de colección Localización permanente Ubicación/localización actual Ubicación en estantería Fecha de adquisición Total de préstamos Fecha visto por última vez Identificador Uniforme del Recurso Precio válido a partir de Tipo de ítem Koha
        Acceso abierto Bib. Gregorio Torres Quintero Bib. Gregorio Torres Quintero En línea 28/04/2026   28/04/2026 https://revistas.um.es/red/article/view/638541/381921 28/04/2026 Artículo Electrónico